=LDR 00000nam 2200000 4500 =001 INLIS000000000015567 =005 20130612110838 =008 ***********************************Indo** =035 ##$$0010-061300000015567 =041 ##$$a Indo =082 ##$$a 028.5 =090 ##$$a 028.5, Soe l =100 ##$$a Soeseno,Slamet =245 ##$$a Lahan Tumpuan Harapan, Slamet Soeseno =260 ##$$a 1982 $b Jakarta =300 ##$$a 58 hlm, ilus, 20 cm =650 ##$$a Bacaan Kanak-Kanak =850 ##$$a NBPNMAT